000 01269nam a2200229Ia 4500
003 Ost
005 20260416102352.0
008 260416s9999||||xx |||||||||||||| ||und||
040 _cfsecg
041 _aara
082 _a350.996
100 _aكبور، رشيدة
_eمؤلف
245 0 _aالفساد وأخلاقيات العمل /
_c رشيدة كبور
260 _aالجزائر
_bجامعة الجزائر3: كلية العلوم الإقتصادية، العلوم التجارية وعلوم التسيير
_c2017
300 _a100 ورقة
_bايضاحات
_c30 سم
504 _aملاحق ص.97
520 _aالتطور التاريخي والبعد المفاهيمي للفساد ، الفساد الإداري والمالي مظاهره وآثاره، تحليل واقع الفساد الإداري والمالي في بعض الدول، الإطار القانوني والمؤسساتي للوقاية من الفساد ومكافحته، أخلاقيات العمل
653 _aالأخلاق المهنية
653 _aالفساد الاداري
710 _aجامعة الجزائر3: كلية العلوم الإقتصادية، العلوم التجارية وعلوم التسيير
_eناشر علمي
942 _cHANDOUT
999 _c41036
_d41036